[Event "FRA-chT Top 16 Basse"]
[Site "Belfort"]
[Date "2025.06.01"]
[Round "4.3"]
[White "Eveno, Nathan"]
[Black "Pigeat, Alexandre"]
[Result "1-0"]
[WhiteElo "2249"]
[BlackElo "2303"]
[PlyCount "103"]
[EventDate "2025.05.29"]
[EventType "team-tourn"]
[EventRounds "4"]
[EventCountry "FRA"]
[SourceTitle "CB23_2025"]
[SourceDate "2025.06.04"]
[SourceVersion "1"]
[SourceVersionDate "2025.06.04"]
[SourceQuality "1"]
[WhiteTeam "Le Mans"]
[BlackTeam "Bischwiller"]
[WhiteTeamCountry "FRA"]
[BlackTeamCountry "FRA"]

1. e4 e6 2. d4 d5 3. Nc3 Bb4 4. exd5 exd5 5. Bd3 Nc6 6. a3 Ba5 7. Nge2 Nge7 8. 0-0 Bf5 9. Na4 0-0 10. c3 Re8 11. Nc5 Rb8 12. Ng3 Bxd3 13. Nxd3 Qc8 14. Qf3 Nd8 15. Re1 Ne6 16. b4 Bb6 17. h4 c6 18. h5 Bc7 19. h6 Bxg3 20. fxg3 Ng6 21. Rf1 Qc7 22. hxg7 Nxg7 23. Bh6 Re6 24. Nc5 Rd6 25. Rae1 Rf8 26. Re2 b6 27. Nd3 Ne5 28. Nxe5 Rxh6 29. g4 Re6 30. Ref2 f6 31. g5 f5 32. g4 f4 33. Qe3 Rxe5 34. Qxe5 Qxe5 35. dxe5 Ne6 36. Rh2 Nxg5 37. Rh6 Ne4 38. Rxc6 f3 39. e6 Rf4 40. Rc8+ Kg7 41. Kh2 Nf6 42. e7 Kf7 43. g5 Rh4+ 44. Kg3 Rg4+ 45. Kxf3 Rxg5 46. Kf4 Rg6 47. Rc7 Ke8 48. Ke5 Nd7+ 49. Kxd5 h5 50. Re1 Nf6+ 51. Kc4 Rg4+ 52. Kd3 1-0

[Event "FRA-chT Top 16 Basse"]
[Site "Belfort"]
[Date "2025.05.29"]
[Round "1.4"]
[White "Benitah, Yohan"]
[Black "Pigeat, Alexandre"]
[Result "1-0"]
[WhiteElo "2333"]
[BlackElo "2303"]
[PlyCount "122"]
[EventDate "2025.05.29"]
[EventType "team-tourn"]
[EventRounds "4"]
[EventCountry "FRA"]
[SourceTitle "CB23_2025"]
[SourceDate "2025.06.04"]
[SourceVersion "1"]
[SourceVersionDate "2025.06.04"]
[SourceQuality "1"]
[WhiteTeam "Lyon"]
[BlackTeam "Bischwiller"]
[WhiteTeamCountry "FRA"]
[BlackTeamCountry "FRA"]

1. d4 e6 2. c4 d5 3. Nf3 c6 4. g3 Nd7 5. Bg2 Bd6 6. 0-0 a5 7. Qc2 Ne7 8. e4 dxe4 9. Qxe4 Nf6 10. Qe2 0-0 11. Nc3 Ng6 12. Bg5 Be7 13. h4 Re8 14. Rad1 h6 15. Bc1 a4 16. a3 Qa5 17. Ne5 Nf8 18. c5 N8d7 19. Nc4 Qa6 20. Rfe1 b5 21. cxb6 Bb7 22. Ne5 Qxb6 23. Qc2 Qa6 24. Bf1 Qa7 25. Be3 c5 26. Nxd7 Nxd7 27. d5 exd5 28. Nxd5 Bf8 29. Bg2 Ne5 30. Bf4 Nc6 31. Rxe8 Rxe8 32. Be3 Ne5 33. Bf4 Nc6 34. Nc3 Nd4 35. Qxa4 Ne2+ 36. Kh2 Qxa4 37. Nxa4 Bxg2 38. Kxg2 Nxf4+ 39. gxf4 f5 40. Kf3 Ra8 41. Nb6 Rb8 42. Nc4 h5 43. Re1 Kf7 44. Re3 Rb7 45. a4 Ra7 46. a5 Ra6 47. Rb3 Be7 48. Rb6 Ra8 49. Ne5+ Ke8 50. a6 Bxh4 51. a7 Rxa7 52. Rb8+ Bd8 53. Rxd8+ Kxd8 54. Nc6+ Kd7 55. Nxa7 g6 56. b3 Kd6 57. Nc8+ Kd7 58. Nb6+ Kc6 59. Nc4 Kd5 60. Ne5 g5 61. fxg5 Kxe5 1-0

[Event "FRA-chT Top 16 GpB"]
[Site "Belfort"]
[Date "2025.05.22"]
[Round "1.3"]
[White "Laurent Paoli, Pierre"]
[Black "Pigeat, Alexandre"]
[Result "1-0"]
[WhiteElo "2544"]
[BlackElo "2303"]
[PlyCount "83"]
[EventDate "2025.05.22"]
[EventType "team-tourn"]
[EventRounds "7"]
[EventCountry "FRA"]
[SourceTitle "CB22_2025"]
[SourceDate "2025.05.28"]
[SourceVersion "1"]
[SourceVersionDate "2025.05.28"]
[SourceQuality "1"]
[WhiteTeam "Marseille"]
[BlackTeam "Bischwiller"]
[WhiteTeamCountry "FRA"]
[BlackTeamCountry "FRA"]

1. e4 e6 2. d4 d5 3. Nc3 dxe4 4. Nxe4 Bd7 5. Nf3 Bc6 6. Bd3 Nd7 7. 0-0 Be7 8. c3 Ngf6 9. Ned2 b6 10. a4 0-0 11. a5 b5 12. a6 Rb8 13. Qe2 Nd5 14. Ne4 N7f6 15. Ne5 Be8 16. Nc5 Rb6 17. Bd2 Qc8 18. b3 Bxc5 19. dxc5 Rxa6 20. Bxb5 Bxb5 21. Qxb5 Rxa1 22. Rxa1 Ne4 23. Be1 f6 24. Nf3 Qb8 25. Qc4 f5 26. Ne5 Qd8 27. f3 Ng5 28. Qd4 Qe8 29. c4 Nf6 30. b4 Nf7 31. Rxa7 Qb8 32. Ra1 Rd8 33. Qe3 Qb7 34. c6 Qc8 35. b5 Nd6 36. Ra7 Rf8 37. Ba5 Nde8 38. Bb4 Nd6 39. Bxd6 cxd6 40. Nd7 Nxd7 41. Rxd7 Qe8 42. Qg5 1-0

[Event "Titled Tuesday intern op 10th Sep Late"]
[Site "Chess,com INT"]
[Date "2024.09.10"]
[Round "5"]
[White "Alvarado, Carlos"]
[Black "Pigeat, Alexandre"]
[Result "0-1"]
[WhiteElo "2044"]
[BlackElo "2309"]
[PlyCount "74"]
[EventDate "2024.09.10"]
[EventType "swiss (blitz)"]
[EventRounds "11"]
[EventCountry "USA"]
[SourceTitle "EXT 2025"]
[Source "ChessBase"]
[SourceDate "2024.10.14"]
[SourceVersion "1"]
[SourceVersionDate "2024.10.14"]
[SourceQuality "1"]

1. Nf3 e6 2. b3 Nf6 3. Bb2 Be7 4. g3 c5 5. Bg2 Nc6 6. 0-0 0-0 7. c4 b6 8. e3 Bb7 9. Ne5 Qc7 10. f4 d6 11. Nxc6 Bxc6 12. Nc3 Qb7 13. Bxc6 Qxc6 14. Qf3 d5 15. f5 Rac8 16. cxd5 exd5 17. g4 d4 18. exd4 cxd4 19. Ne2 Qxf3 20. Rxf3 Rc2 21. Bxd4 Rxd2 22. g5 Rxd4 23. gxf6 Bxf6 24. Rc1 Rd2 25. Kf1 h5 26. a4 Re8 27. Re1 h4 28. Nf4 Rxe1+ 29. Kxe1 Rxh2 30. Rd3 Rb2 31. Kf1 Be5 32. Nh3 f6 33. Nf2 Kh7 34. Ne4 Kh6 35. Rd8 Kh5 36. Rg8 Kg4 37. Rxg7+ Kf3 0-1

[Event "Titled Tuesday intern op 10th Sep Early"]
[Site "Chess,com INT"]
[Date "2024.09.10"]
[Round "5"]
[White "Kocharin, Timur"]
[Black "Pigeat, Alexandre"]
[Result "0-1"]
[WhiteElo "2234"]
[BlackElo "2309"]
[PlyCount "92"]
[EventDate "2024.09.10"]
[EventType "swiss (blitz)"]
[EventRounds "11"]
[EventCountry "USA"]
[SourceTitle "EXT 2025"]
[Source "ChessBase"]
[SourceDate "2024.10.14"]
[SourceVersion "1"]
[SourceVersionDate "2024.10.14"]
[SourceQuality "1"]

1. e4 e6 2. d3 d5 3. Nd2 Nf6 4. Ngf3 Bc5 5. e5 Nfd7 6. d4 Be7 7. c3 c5 8. Bd3 b6 9. Qe2 a5 10. 0-0 Ba6 11. Bxa6 Nxa6 12. Rd1 0-0 13. Nf1 Nab8 14. Ng3 Nc6 15. Bf4 Rc8 16. Rac1 Re8 17. Nh5 Nf8 18. Be3 Qd7 19. Bg5 Bxg5 20. Nxg5 h6 21. Nf3 Ng6 22. Qb5 Ncxe5 23. Qxb6 Nxf3+ 24. gxf3 cxd4 25. Qxd4 Rb8 26. b3 Qe7 27. Ng3 Qg5 28. Qg4 Qf6 29. Nh5 Qe7 30. Ng3 Rec8 31. c4 dxc4 32. Rxc4 Rd8 33. Rcd4 Rxd4 34. Rxd4 Qc5 35. Kg2 Qc1 36. Nh5 Rb5 37. h4 Kh7 38. Nf4 Ne5 39. Qg3 Qa1 40. Re4 Rc5 41. Ne2 Ng6 42. f4 Rh5 43. f5 exf5 44. Ra4 Qf6 45. Rxa5 Nxh4+ 46. Kg1 Rg5 0-1

[Event "Titled Tuesday intern op 10th Sep Late"]
[Site "Chess,com INT"]
[Date "2024.09.10"]
[Round "6"]
[White "Pigeat, Alexandre"]
[Black "Davidson, Kevin"]
[Result "1-0"]
[WhiteElo "2309"]
[BlackElo "2154"]
[PlyCount "61"]
[EventDate "2024.09.10"]
[EventType "swiss (blitz)"]
[EventRounds "11"]
[EventCountry "USA"]
[SourceTitle "EXT 2025"]
[Source "ChessBase"]
[SourceDate "2024.10.14"]
[SourceVersion "1"]
[SourceVersionDate "2024.10.14"]
[SourceQuality "1"]

1. d4 Nf6 2. c4 g6 3. Nc3 Bg7 4. e4 d6 5. f3 0-0 6. Be3 Nc6 7. Nge2 a6 8. Qd2 Rb8 9. a4 e5 10. d5 Na5 11. Nc1 c5 12. Bd3 Ne8 13. Bg5 f6 14. Bh4 Nc7 15. 0-0 b6 16. Rb1 Nb7 17. N1a2 Qe8 18. b4 cxb4 19. Nxb4 Nc5 20. Nc6 Rb7 21. Bf2 f5 22. a5 bxa5 23. Rxb7 Bxb7 24. Nxa5 Bc8 25. Rb1 fxe4 26. Nxe4 Nxe4 27. Bxe4 Bf5 28. Nc6 h5 29. Rb7 Na8 30. Bxf5 gxf5 31. Qg5 1-0

[Event "Titled Tuesday intern op 10th Sep Late"]
[Site "Chess,com INT"]
[Date "2024.09.10"]
[Round "3"]
[White "Pigeat, Alexandre"]
[Black "Groff, Jordan"]
[Result "1-0"]
[WhiteElo "2309"]
[BlackElo "2070"]
[PlyCount "65"]
[EventDate "2024.09.10"]
[EventType "swiss (blitz)"]
[EventRounds "11"]
[EventCountry "USA"]
[SourceTitle "EXT 2025"]
[Source "ChessBase"]
[SourceDate "2024.10.14"]
[SourceVersion "1"]
[SourceVersionDate "2024.10.14"]
[SourceQuality "1"]

1. d4 Nf6 2. c4 g6 3. Nc3 Bg7 4. e4 d6 5. f3 0-0 6. Be3 e5 7. Nge2 c6 8. d5 cxd5 9. cxd5 a6 10. Qd2 b5 11. g4 Nbd7 12. Ng3 Nb6 13. h4 b4 14. Nd1 a5 15. Bh6 Ba6 16. Bxg7 Kxg7 17. h5 Ng8 18. Rc1 Bxf1 19. Kxf1 Rc8 20. Ne3 Rxc1+ 21. Qxc1 Qf6 22. Kg2 Rc8 23. Qd2 Qf4 24. hxg6 hxg6 25. Nef5+ Kf6 26. Qf2 Nc4 27. Rh5 gxh5 28. Nxh5+ Kg6 29. Nxf4+ exf4 30. Qh4 Ne5 31. Qh5+ Kf6 32. Qh8+ Kg6 33. Qg7# 1-0

[Event "FRA-ch Accession 97th"]
[Site "L'Alpe d'Huez"]
[Date "2024.08.19"]
[Round "3"]
[White "Boyer, Mahel"]
[Black "Pigeat, Alexandre"]
[Result "1/2-1/2"]
[WhiteElo "2480"]
[BlackElo "2318"]
[PlyCount "170"]
[EventDate "2024.08.17"]
[EventType "swiss"]
[EventRounds "9"]
[EventCountry "FRA"]
[SourceTitle "CBM 221 Extra"]
[Source "ChessBase"]
[SourceDate "2024.09.30"]
[SourceVersion "1"]
[SourceVersionDate "2024.09.30"]
[SourceQuality "1"]

1. e4 e6 2. d4 d5 3. Nd2 Be7 4. Bd3 dxe4 5. Nxe4 Nf6 6. Nf3 Nxe4 7. Bxe4 Nd7 8. Qe2 Nf6 9. Bxb7 Bxb7 10. Qb5+ Qd7 11. Qxb7 0-0 12. Qa6 c5 13. dxc5 Bxc5 14. 0-0 Qc7 15. Qe2 Rfe8 16. Bg5 Nd7 17. Rad1 e5 18. Rd2 Nf8 19. Qe4 Qb6 20. c4 Rac8 21. b3 Ne6 22. Rd7 Bxf2+ 23. Rxf2 Nc5 24. Qd5 Nxd7 25. Qxd7 f6 26. Qd5+ Kh8 27. Bh4 e4 28. Ne1 Rcd8 29. Qh5 Re5 30. Qf7 Ree8 31. h3 Rf8 32. Qh5 Qe3 33. Qe2 Qc3 34. Kh2 g5 35. Bg3 f5 36. Rxf5 Rxf5 37. Qxe4 Qf6 38. Nd3 Kg8 39. Nb4 Qf7 40. Qe3 Re8 41. Qd4 h5 42. Nd5 h4 43. Bd6 Rd8 44. Ne3 Rf6 45. c5 Qe6 46. Nc4 Rf1 47. Qd2 Rf5 48. Qc2 g4 49. hxg4 Rg5 50. Qf2 Rxg4 51. Ne3 Rg7 52. Qf4 h3 53. g4 Re8 54. Nf5 Qe2+ 55. Kxh3 Rg6 56. Qc4+ Qxc4 57. bxc4 Kf7 58. c6 Ke6 59. c5 Rh8+ 60. Kg3 Rhg8 61. Ne3 Rc8 62. c7 Kd7 63. Nc4 Ke6 64. Kf4 Rg7 65. Na5 Kd5 66. g5 Rgxc7 67. Bxc7 Rxc7 68. Nb3 Rf7+ 69. Kg4 Ke5 70. c6 Rc7 71. Na5 Rg7 72. Nb7 Rc7 73. Na5 Rc8 74. Kh5 Kf5 75. Kh6 Rh8+ 76. Kg7 Rc8 77. g6 Rc7+ 78. Kf8 Ke6 79. a3 Rc8+ 80. Kg7 Rc7+ 81. Kf8 Rc8+ 82. Kg7 Rc7+ 83. Kf8 Rc8+ 84. Kg7 Rc7+ 85. Kf8 Ke5 1/2-1/2

[Event "Rome City op 5th"]
[Site "Rome"]
[Date "2023.12.07"]
[Round "5"]
[White "Pigeat, Alexandre"]
[Black "Martinez Duany, Lelys Stanley"]
[Result "1-0"]
[WhiteElo "2312"]
[BlackElo "2483"]
[PlyCount "101"]
[EventDate "2023.12.04"]
[EventType "swiss"]
[EventRounds "9"]
[EventCountry "ITA"]
[SourceTitle "CBM 217 Extra"]
[Source "ChessBase"]
[SourceDate "2024.01.31"]
[SourceVersion "1"]
[SourceVersionDate "2024.01.31"]
[SourceQuality "1"]

1. d4 Nf6 2. c4 d6 3. Nc3 e5 4. d5 a5 5. e4 Na6 6. Bd3 Nc5 7. Bc2 Be7 8. h3 0-0 9. Be3 c6 10. Nge2 cxd5 11. cxd5 b6 12. a3 a4 13. Bxc5 bxc5 14. Bxa4 Qa5 15. Bc6 Rb8 16. b4 Qa7 17. 0-0 Bd8 18. Qd3 Bb6 19. b5 Ba5 20. Nd1 Nd7 21. Ne3 Nb6 22. Nc1 f5 23. exf5 c4 24. Qe4 Bc3 25. Ra2 Bd4 26. a4 Qa5 27. Ne2 Bc5 28. g4 Rb7 29. Nxc4 Nxc4 30. Qxc4 Rbf7 31. Ng3 Qd8 32. Ne4 Bd4 33. Qb3 g6 34. f6 Rxf6 35. Nxf6+ Qxf6 36. Kg2 e4 37. f4 e3 38. Re2 h5 39. Rxe3 hxg4 40. hxg4 Bxg4 41. Re6 Bxe6 42. dxe6 Kg7 43. Qd3 Bc5 44. Qe2 Rh8 45. e7 Qc3 46. Bf3 Be3 47. Rd1 Bd2 48. Rh1 Re8 49. Bc6 Bxf4 50. Bxe8 Qg3+ 51. Kf1 1-0

[Event "Wasselonne op 25th"]
[Site "Wasselonne"]
[Date "2023.08.05"]
[Round "5"]
[White "Pigeat, Alexandre"]
[Black "Pillard, Valentin"]
[Result "1-0"]
[WhiteElo "2301"]
[BlackElo "2140"]
[PlyCount "91"]
[EventDate "2023.08.03"]
[EventType "swiss"]
[EventRounds "7"]
[EventCountry "FRA"]
[SourceTitle "CBM 215 Extra"]
[Source "ChessBase"]
[SourceDate "2023.09.30"]
[SourceVersion "1"]
[SourceVersionDate "2023.09.30"]
[SourceQuality "1"]

1. d4 d5 2. c4 e6 3. Nc3 c6 4. cxd5 exd5 5. e3 Bf5 6. g3 Na6 7. a3 Nf6 8. Bg2 Nc7 9. Nge2 Qd7 10. Nf4 Bd6 11. f3 g5 12. Nd3 0-0-0 13. Nf2 g4 14. 0-0 Rde8 15. fxg4 Nxg4 16. Qf3 Nxf2 17. Qxf2 Bd3 18. Rd1 Bg6 19. e4 dxe4 20. d5 c5 21. Be3 Qf5 22. Qc2 h5 23. b4 c4 24. Rf1 Qe5 25. Rad1 Qe7 26. Rd4 h4 27. Rxc4 Kb8 28. Qa4 b6 29. Rc6 hxg3 30. Rc1 Rxh2 31. Bxb6 Na8 32. Bc5 Bxc5+ 33. bxc5 e3 34. Qb4+ Qb7 35. Qf4+ Nc7 36. Qxg3 Qb2 37. Ne2 Qxe2 38. Kxh2 Be4 39. Rxc7 Qxg2+ 40. Qxg2 Bxg2 41. Rd7 e2 42. Re1 Bf1 43. Rxf7 Re5 44. d6 Rxc5 45. Rf8+ Kb7 46. d7 1-0

[Event "Titled Tuesday intern op 25th Apr Early"]
[Site "Chess.com INT"]
[Date "2023.04.25"]
[Round "8"]
[White "Mekhitarian, Krikor Sevag"]
[Black "Pigeat, Alexandre"]
[Result "1-0"]
[WhiteElo "2537"]
[BlackElo "2331"]
[PlyCount "35"]
[EventDate "2023.04.25"]
[EventType "swiss (blitz)"]
[EventRounds "11"]
[EventCountry "USA"]
[SourceTitle "EXT 2024"]
[Source "ChessBase"]
[SourceDate "2023.10.10"]
[SourceVersion "1"]
[SourceVersionDate "2023.10.10"]
[SourceQuality "1"]

1. Nf3 e6 2. c4 Nf6 3. Nc3 Bb4 4. g4 b6 5. g5 Ng8 6. Qb3 Be7 7. h4 Bb7 8. d4 h6 9. Rg1 hxg5 10. hxg5 Bxf3 11. exf3 Nc6 12. Be3 Bb4 13. d5 exd5 14. cxd5 Bxc3+ 15. Qxc3 Nce7 16. Qxg7 Rh4 17. 0-0-0 c6 18. d6 1-0

[Event "Titled Tuesday intern op 25th Apr Early"]
[Site "Chess.com INT"]
[Date "2023.04.25"]
[Round "9"]
[White "Pigeat, Alexandre"]
[Black "Rios Escobar, Adan"]
[Result "1-0"]
[WhiteElo "2331"]
[BlackElo "2234"]
[PlyCount "71"]
[EventDate "2023.04.25"]
[EventType "swiss (blitz)"]
[EventRounds "11"]
[EventCountry "USA"]
[SourceTitle "EXT 2024"]
[Source "ChessBase"]
[SourceDate "2023.10.10"]
[SourceVersion "1"]
[SourceVersionDate "2023.10.10"]
[SourceQuality "1"]

1. d4 Nf6 2. c4 g6 3. f3 Bg7 4. e4 d6 5. Nc3 0-0 6. Be3 a6 7. Nge2 Nc6 8. Qd2 Na5 9. Ng3 b5 10. cxb5 axb5 11. Bxb5 Nb3 12. Qd1 Nxa1 13. Qxa1 Ba6 14. Bxa6 Rxa6 15. 0-0 Nd7 16. Nge2 c5 17. Rd1 cxd4 18. Bxd4 Bxd4+ 19. Rxd4 Qb6 20. Kh1 Rb8 21. Rd2 Nc5 22. Qd1 Qa7 23. b3 h5 24. h4 e6 25. g3 Qe7 26. Kg2 Rba8 27. Nd4 Qb7 28. Ndb5 d5 29. exd5 exd5 30. a4 d4 31. Rxd4 Rf6 32. Nd5 Rf5 33. Nd6 Qxb3 34. Nxf5 gxf5 35. Qd2 Ne6 36. Qh6 1-0

[Event "Vandoeuvre op 19th"]
[Site "Vandoeuvre"]
[Date "2022.12.18"]
[Round "2"]
[White "Pigeat, Alexandre"]
[Black "Lamard, Guillaume"]
[Result "1/2-1/2"]
[WhiteElo "2345"]
[BlackElo "2519"]
[PlyCount "93"]
[EventDate "2022.12.18"]
[EventType "swiss"]
[EventRounds "9"]
[EventCountry "FRA"]
[SourceTitle "CBM 211 Extra"]
[Source "ChessBase"]
[SourceDate "2023.01.31"]
[SourceVersion "1"]
[SourceVersionDate "2023.01.31"]
[SourceQuality "1"]

1. d4 Nf6 2. c4 e6 3. Nc3 Bb4 4. e3 0-0 5. Nge2 c6 6. a3 Ba5 7. g3 d5 8. cxd5 Qxd5 9. Rg1 Qd8 10. h3 Nbd7 11. g4 c5 12. Bg2 cxd4 13. exd4 Nd5 14. Bxd5 exd5 15. b4 Bc7 16. Nxd5 Bh2 17. Rg2 Bb8 18. Bf4 b6 19. Bxb8 Rxb8 20. Rg3 Bb7 21. Ndc3 Nf6 22. Qd3 Rc8 23. Kf1 Re8 24. f3 Nd5 25. Ne4 Qd7 26. Kg1 Red8 27. Ng5 Nf6 28. Ne4 Nd5 29. Ng5 g6 30. Ne4 Qa4 31. Qd2 Kg7 32. Nf4 Nxf4 33. Qxf4 Bxe4 34. fxe4 Qe8 35. Rd1 Rc4 36. Rgd3 h6 37. Kg2 Qe7 38. Kf3 a5 39. bxa5 bxa5 40. Kg3 Rdc8 41. Qe3 Rc2 42. R1d2 Rc1 43. Rd1 R1c2 44. R1d2 Rc1 45. Rd1 R1c2 46. R1d2 Rc1 47. e5 1/2-1/2

[Event "Cannes op 35th"]
[Site "Cannes"]
[Date "2022.02.23"]
[Round "4"]
[White "Krzyzanowski, Marcin"]
[Black "Pigeat, Alexandre"]
[Result "1-0"]
[WhiteElo "2523"]
[BlackElo "2314"]
[PlyCount "89"]
[EventDate "2022.02.21"]
[EventType "swiss"]
[EventRounds "9"]
[EventCountry "FRA"]
[SourceTitle "CBM 207 Extra"]
[Source "ChessBase"]
[SourceDate "2022.05.31"]
[SourceVersion "1"]
[SourceVersionDate "2022.05.31"]
[SourceQuality "1"]

1. d4 d5 2. c4 e6 3. Nf3 a6 4. cxd5 exd5 5. Bf4 Nf6 6. Nc3 Be7 7. e3 0-0 8. Bd3 h6 9. Rc1 c5 10. dxc5 Bxc5 11. 0-0 Nc6 12. Bb1 Ba7 13. Ne5 Re8 14. Nxc6 bxc6 15. Na4 Bg4 16. Qd3 Qc8 17. Nc5 Bb8 18. f3 Bh5 19. Qd4 Bg6 20. Bxg6 fxg6 21. Bxb8 Qxb8 22. Nd3 Qb7 23. Rc3 g5 24. Rfc1 Qe7 25. Nb4 c5 26. Qxc5 Qxc5 27. Rxc5 Rxe3 28. Rc8+ Rxc8 29. Rxc8+ Kf7 30. Kf2 Re5 31. Rc7+ Kg6 32. Ra7 g4 33. Nd3 Re8 34. Rxa6 Kf5 35. b4 g5 36. b5 gxf3 37. gxf3 g4 38. Ra4 Kg5 39. b6 gxf3 40. h4+ Kf5 41. Rf4+ Kg6 42. Rb4 Re2+ 43. Kxf3 Rxa2 44. Ne5+ Kf5 45. b7 1-0

[Event "Barbera del Valles op 43rd"]
[Site "Barbera del Valles"]
[Date "2021.11.21"]
[Round "1"]
[White "Pigeat, Alexandre"]
[Black "Vaibhav, Jayant Raut"]
[Result "1-0"]
[WhiteElo "2326"]
[BlackElo "2097"]
[PlyCount "91"]
[EventDate "2021.11.21"]
[EventType "swiss"]
[EventRounds "9"]
[EventCountry "ESP"]
[SourceTitle "EXT 2023"]
[Source "ChessBase"]
[SourceDate "2022.10.05"]
[SourceVersion "1"]
[SourceVersionDate "2022.10.05"]
[SourceQuality "1"]

1. Nf3 Nf6 2. c4 e6 3. g3 b6 4. Bg2 Bb7 5. 0-0 Be7 6. b3 0-0 7. Bb2 d6 8. Qc2 Nbd7 9. Nc3 e5 10. Rad1 g6 11. d4 exd4 12. Rxd4 Nc5 13. e4 Nfd7 14. Nd5 Bxd5 15. cxd5 a5 16. Rd2 Bf6 17. Nd4 Bxd4 18. Bxd4 f6 19. f4 Qe7 20. Re2 Rfe8 21. Rff2 b5 22. h4 b4 23. Bb2 a4 24. h5 Qg7 25. hxg6 hxg6 26. Re3 axb3 27. axb3 Ra2 28. Qd2 Rb8 29. Qd4 Qh6 30. Bf1 Ne5 31. Be2 Ned7 32. Rh2 Qg7 33. Bg4 Qe7 34. Rhe2 Re8 35. Bxd7 Nxd7 36. Qxb4 Rb8 37. Qc4 Nb6 38. Qc6 Ra5 39. b4 Ra2 40. e5 fxe5 41. fxe5 Qg5 42. Rf3 Rxb2 43. Rxb2 Qxe5 44. Qxc7 Rc8 45. Qf7+ Kh8 46. Rh2+ 1-0

[Event "Cappelle Online Blitz op 1st"]
[Site "Europe Echecs INT"]
[Date "2021.01.10"]
[Round "5"]
[White "Lambach, Maxime"]
[Black "Pigeat, Alexandre"]
[Result "0-1"]
[WhiteElo "1962"]
[BlackElo "2293"]
[PlyCount "50"]
[EventDate "2021.01.10"]
[EventType "swiss (blitz)"]
[EventRounds "11"]
[EventCountry "FRA"]
[SourceTitle "CBM 200 Extra"]
[Source "ChessBase"]
[SourceDate "2021.03.31"]
[SourceVersion "1"]
[SourceVersionDate "2021.03.31"]
[SourceQuality "1"]

1. e4 e6 2. d4 d5 3. Nd2 Nc6 4. Ngf3 Nf6 5. e5 Nd7 6. Bd3 f6 7. exf6 Qxf6 8. c3 Bd6 9. 0-0 0-0 10. Qe2 e5 11. dxe5 Ndxe5 12. Nxe5 Nxe5 13. Bc2 Bg4 14. Qe3 Rae8 15. Qd4 Be6 16. Nb3 b6 17. Be3 c5 18. Qd2 Qh4 19. f4 Nc4 20. Qf2 Qxf2+ 21. Bxf2 Bxf4 22. Rab1 a5 23. Bd3 Ne3 24. Rfe1 Ng4 25. Nc1 Bxh2+ 0-1

[Event "FRA-ch Blitz Online Qual"]
[Site "Europe Echecs INT"]
[Date "2020.05.16"]
[Round "7"]
[White "Bujisho, Benjamin"]
[Black "Pigeat, Alexandre"]
[Result "1-0"]
[WhiteElo "2290"]
[BlackElo "2293"]
[PlyCount "127"]
[EventDate "2020.05.16"]
[EventType "swiss (blitz)"]
[EventRounds "15"]
[EventCountry "FRA"]
[SourceTitle "CBM 196 Extra"]
[Source "ChessBase"]
[SourceDate "2020.07.31"]
[SourceVersion "1"]
[SourceVersionDate "2020.07.31"]
[SourceQuality "1"]

1. d4 d5 2. c4 c6 3. cxd5 cxd5 4. Nc3 Nc6 5. Bf4 a6 6. e3 Nf6 7. Bd3 e6 8. Rc1 Bd6 9. Bxd6 Qxd6 10. f4 b5 11. Nf3 Bb7 12. 0-0 Ne7 13. Ne5 0-0 14. Qf3 Rac8 15. h3 b4 16. Na4 Ne4 17. Bxe4 dxe4 18. Qe2 Bd5 19. b3 f6 20. Ng4 Nf5 21. Qd2 Bc6 22. Nc5 Bb5 23. Rfe1 a5 24. Nf2 Bc6 25. Rc2 e5 26. dxe5 fxe5 27. Qxd6 Nxd6 28. fxe5 Nb5 29. Ncxe4 Bxe4 30. Rxc8 Rxc8 31. Nxe4 Re8 32. Nd6 Rxe5 33. Nxb5 Rxb5 34. e4 Kf7 35. Kf2 Rc5 36. Kf3 Rc3+ 37. Re3 Rc1 38. Re2 Ke6 39. Rd2 Ra1 40. Ke3 h6 41. Kd4 Rc1 42. h4 g5 43. hxg5 hxg5 44. g4 Rg1 45. Rc2 Rxg4 46. Rc6+ Kd7 47. Ra6 Rg2 48. Rxa5 g4 49. Rg5 g3 50. Kc4 Re2 51. Kxb4 Rxe4+ 52. Kc5 Re2 53. a4 g2 54. Kb4 Re4+ 55. Ka3 Re2 56. a5 Kc7 57. Ka4 Kb7 58. b4 Ra2+ 59. Kb5 Rf2 60. Rg7+ Kb8 61. a6 Ka8 62. Ka5 Re2 63. b5 Rf2 64. Rg8+ 1-0

[Event "FRA-ch Blitz Online Qual"]
[Site "Europe Echecs INT"]
[Date "2020.05.16"]
[Round "2"]
[White "Jacquot, David"]
[Black "Pigeat, Alexandre"]
[Result "1/2-1/2"]
[WhiteElo "1830"]
[BlackElo "2293"]
[PlyCount "124"]
[EventDate "2020.05.16"]
[EventType "swiss (blitz)"]
[EventRounds "15"]
[EventCountry "FRA"]
[SourceTitle "CBM 196 Extra"]
[Source "ChessBase"]
[SourceDate "2020.07.31"]
[SourceVersion "1"]
[SourceVersionDate "2020.07.31"]
[SourceQuality "1"]

1. d4 d5 2. Nf3 Nf6 3. Bg5 a6 4. Nbd2 Nbd7 5. e3 h6 6. Bh4 b5 7. c3 c5 8. Bd3 Bb7 9. 0-0 e6 10. Ne5 Be7 11. f4 Qb6 12. Qe2 Ng8 13. Nxd7 Kxd7 14. Bg3 Bd6 15. Qg4 g6 16. Nf3 Ne7 17. Ne5+ Bxe5 18. fxe5 Raf8 19. Rf6 b4 20. Raf1 Ke8 21. Qe2 Ng8 22. R6f2 Ne7 23. Bh4 g5 24. Bg3 Bc8 25. Qh5 Nf5 26. Qe2 Qa7 27. Kh1 h5 28. e4 Nxg3+ 29. hxg3 cxd4 30. exd5 h4 31. g4 h3 32. d6 Bb7 33. Be4 Qa8 34. Bxb7 Qxb7 35. Qf3 Qxf3 36. Rxf3 hxg2+ 37. Kxg2 Rh4 38. cxd4 Rxg4+ 39. Kf2 Rxd4 40. Ke3 Rd5 41. Ke4 Rc5 42. a3 bxa3 43. bxa3 Rc4+ 44. Kd3 Rc5 45. Kd4 Rd5+ 46. Ke4 Rc5 47. Rb3 Rb5 48. Rxb5 axb5 49. Rb1 Rh8 50. Rxb5 Rh4+ 51. Kf3 Ra4 52. Rb8+ Kd7 53. Rb7+ Ke8 54. Rb8+ Kd7 55. Rb7+ Kc6 56. Rxf7 Rxa3+ 57. Kg4 Re3 58. d7 Kc7 59. Kxg5 Rxe5+ 60. Kf6 Rf5+ 61. Kxe6 Rxf7 62. Kxf7 Kxd7 1/2-1/2

[Event "FRA-ch Blitz Online Qual"]
[Site "Europe Echecs INT"]
[Date "2020.05.16"]
[Round "3"]
[White "Pigeat, Alexandre"]
[Black "Weisman, Nathan"]
[Result "1-0"]
[WhiteElo "2293"]
[BlackElo "2186"]
[PlyCount "65"]
[EventDate "2020.05.16"]
[EventType "swiss (blitz)"]
[EventRounds "15"]
[EventCountry "FRA"]
[SourceTitle "CBM 196 Extra"]
[Source "ChessBase"]
[SourceDate "2020.07.31"]
[SourceVersion "1"]
[SourceVersionDate "2020.07.31"]
[SourceQuality "1"]

1. d4 Nf6 2. c4 g6 3. f3 d5 4. cxd5 Nxd5 5. e4 Nb6 6. Nc3 Bg7 7. Be3 0-0 8. a4 a5 9. Qd2 Nc6 10. Rd1 e5 11. d5 Nd4 12. Bd3 c6 13. dxc6 Nxc6 14. Nge2 Be6 15. Bb5 Qc7 16. Nd5 Nxd5 17. exd5 Rfd8 18. d6 Qd7 19. Bb6 Rdc8 20. 0-0 f5 21. Nc3 Bf8 22. Nd5 Qxd6 23. Nc7 Qxd2 24. Rxd2 Bf7 25. Nxa8 Rxa8 26. Rd7 Rb8 27. Rfd1 Nd4 28. Bc7 Rc8 29. Bxe5 Nxb5 30. axb5 Bc5+ 31. Kh1 b6 32. Rd8+ Rxd8 33. Rxd8+ 1-0